zpět

Detail výsledku týmu

Hospoda U Stolínů, Nový Bydžov

Datum a čas kvízu

17 Celkem bodů Celkový počet nahraných bodů na tomto kvízu bez doplňovacích otázek.
6. Pořadí na kvízu Konečné umístění týmu na tomto kvízu.

Zaznamenané odpovědi

# Otázka Odpověď Body Výsledky
1. Že vánoční punk není mrtvý, má... Bruntál 0
2. Premiér jisté země byl minulý... o Izraeli 1
3. Křišťálovou lupu za online vid... Honza Mikulka, Janek Rubeš 0
4. Lety britského nízkonákladovéh... EasyJet 0
5. Jak se jmenuje vítěz letošního... Stefanos Tsitsipas 1
6. Toto téma minulý týden zvítězi... Vídeň, 1996 1
7. Nespočet hlášek má na svém kon... Thierry Henry 0
8. Televize Nova a sportovní přen... Václav Tittelbach, Pavel Poulíček 0
9. Autorem mnoha legendárních hlá... Nemecký/Německý 1
10. Jak se nazývá švédské lyžařské... Åre 1